=LDR 00000nam 2200000 4500 =001 INLIS000000000028439 =005 20130612130739 =008 ***********************************Ind** =035 ##$$0010-061300000028439 =041 ##$$a Ind =082 ##$$a 330 =090 ##$$a 330, Cho a =100 ##$$a Choeryanto, Syaifoel =245 ##$$a An Economic model for Indonesian, Syaifoel Choeryanto =260 ##$$a 2003 $b Jakarta =300 ##$$a xiii, 308 hlm, ilus, 21 cm =650 ##$$a Ekonomi =850 ##$$a NBPNMAT